Сборник научных трудов. Вып.96 (Запись № 2094280)

Подробности
000 -МАРКЕР
контрольное поле 01489nam2a22002651 4500
001 - ИДЕНТИФИКАТОР ЗАПИСИ
контрольное поле RU\NLR\IC100\5000003013
005 - ИДЕНТИФИКАТОР ВЕРСИИ
контрольное поле 20250617152705.0
035 ## - ДРУГИЕ СИСТЕМНЫЕ НОМЕРА
Идентификатор записи (NLR Aleph) 002745553
100 ## - ДАННЫЕ ОБЩЕЙ ОБРАБОТКИ
Данные общей обработки 20040116d1971 |||y0rusy50 ca
101 0# - ЯЗЫК РЕСУРСА
Язык текста, звукозаписи и т.д. русский
102 ## - СТРАНА ПУБЛИКАЦИИ ИЛИ ПРОИЗВОДСТВА
Страна публикации Российская Федерация
105 ## - ПОЛЕ КОДИРОВАННЫХ ДАННЫХ: ТЕКСТОВЫЕ МАТЕРИАЛЫ, МОНОГРАФИЧЕСКИЕ
Кодированные данные о монографическом текстовом документе y |||||||||
200 0# - ЗАГЛАВИЕ И СВЕДЕНИЯ ОБ ОТВЕТСТВЕННОСТИ
Основное заглавие Вып.96
210 ## - ПУБЛИКАЦИЯ, РАСПРОСТРАНЕНИЕ И ДР.
Дата издания, распространения и т.д. 1971
Место издания, распространения и т.д. Б. м.
225 1# - СЕРИЯ
Основное заглавие серии ...
Обозначение тома Вып.96
Наименование части ...
Обозначение тома Вып.7
461 #0 - УРОВЕНЬ НАБОРА
Встроенное поле 001RU\NLR\INFOCOMM55\5000201252
-- 2001#$aСборник научных трудов$fМ-во просвещения РСФСР. Яросл. гос. пед. ин-т им. К.Д. Ушинского$vВып.96
Системный номер (АБИС) связанной записи 2994583
Автор Ярославский педагогический институт имени К.Д. Ушинского
Место публикации Ярославль
Дата публикации 1944-1985
Первые сведения об ответственности М-во просвещения РСФСР. Яросл. гос. пед. ин-т им. К.Д. Ушинского
Заглавие Сборник научных трудов
Номер тома Вып.96
462 #0 - УРОВЕНЬ ПОДНАБОРА
Встроенное поле 001RU\NLR\IC100\5000003012
-- 2001#$aВопросы русского языка$e(Проблемы лексикологии и синтаксиса)$vВып.7
Системный номер (АБИС) связанной записи 2094272
Место публикации Ярославль
Дата публикации 1969-
Сведения, относящиеся к заглавию (Проблемы лексикологии и синтаксиса)
Заглавие Сборник научных трудов. - Вопросы русского языка
Номер тома Вып.7
801 #1 - ИСТОЧНИК ЗАПИСИ
Страна Российская Федерация
Организация InfoComm
Дата составления 20040116
801 #0 - ИСТОЧНИК ЗАПИСИ
Страна Российская Федерация
Организация NLR
Правила каталогизации PSBO
852 ## - МЕСТОНАХОЖДЕНИЕ И ШИФР ХРАНЕНИЯ
Идентификатор организации NLR
Шифр хранения (Call Number) П28/391
942 ## - ДОПОЛНИТЕЛЬНЫЕ ЭЛЕМЕНТЫ ЗАПИСИ (АБИС)
Тип экземпляра АБИС Выпуск
980 ## - КОЛЛЕКЦИЯ
Название коллекции Национальная библиография
980 ## - КОЛЛЕКЦИЯ
Название коллекции Русская периодика

Нет доступных экземпляров.